Winning others to Christ : (Record no. 2528)

MARC details
000 -LEADER
fixed length control field 00527nam a22001817a 4500
003 - CONTROL NUMBER IDENTIFIER
control field OSt
005 - DATE AND TIME OF LATEST TRANSACTION
control field 20181015223606.0
008 - FIXED-LENGTH DATA ELEMENTS--GENERAL INFORMATION
fixed length control field 181015b ||||| |||| 00| 0 eng d
040 ## - CATALOGING SOURCE
Transcribing agency DLC
082 ## - DEWEY DECIMAL CLASSIFICATION NUMBER
Classification number 253
Item number R323W
100 ## - MAIN ENTRY--PERSONAL NAME
Personal name Reed, W.E
245 ## - TITLE STATEMENT
Title Winning others to Christ :
Remainder of title a study for personal workers /
Statement of responsibility, etc. By W.E. Reed.
260 ## - PUBLICATION, DISTRIBUTION, ETC.
Place of publication, distribution, etc. Indiana :
Name of publisher, distributor, etc. The Gospel Trumpet Company,
Date of publication, distribution, etc. c1953.
300 ## - PHYSICAL DESCRIPTION
Extent 96 p.:
630 ## - SUBJECT ADDED ENTRY--UNIFORM TITLE
Uniform title Evangelistic work
650 ## - SUBJECT ADDED ENTRY--TOPICAL TERM
Topical term or geographic name entry element Evangelistic methods of Jesus Christ
General subdivision Jesus Christ
942 ## - ADDED ENTRY ELEMENTS (KOHA)
Source of classification or shelving scheme Dewey Decimal Classification
Koha item type Books
Holdings
Withdrawn status Lost status Source of classification or shelving scheme Damaged status Not for loan Collection code Home library Current library Shelving location Date acquired Cost, normal purchase price Total Checkouts Full call number Barcode Date last seen Price effective from Koha item type
    Dewey Decimal Classification     Non-fiction Harvest Mission College Harvest Mission College General Stacks 15.10.2018 230.00   253 R323W 002136 15.10.2018 15.10.2018 Books

OPAC Designed and Maintained by HMC Library Team.
Copyright © HMC Library,Greater Noida, UP.
For any Suggestions/Query Contact library via Email:libhmc@gmail.com